书目信息 |
| 题名: |
读懂恩格斯
|
|
| 作者: | 张新 | |
| 分册: | ||
| 出版信息: | 成都 四川人民出版社 2001 |
|
| 页数: | 494 | |
| 开本: | 20cm | |
| 丛书名: | 读懂领袖丛书 | |
| 单 册: | ||
| 中图分类: | A72 | |
| 科图分类: | ||
| 主题词: | 恩格斯--生平事迹 , 恩格斯--传记 | |
| 电子资源: | ||
| ISBN: | 7-220-05267-7 | |
| 000 | 00568nam0 2200217 450 | |
| 001 | 0735257515 | |
| 005 | 20070904094737.51 | |
| 010 | @a7-220-05267-7@d28 | |
| 100 | @a20070904d km y0chiy0120 ea | |
| 101 | 0 | @achi |
| 200 | 1 | @a读懂恩格斯@Adu dong en ge si@f张新@Fzhang xin |
| 210 | @a成都@c四川人民出版社@d2001 | |
| 215 | @a494@d20cm | |
| 225 | 2 | @a读懂领袖丛书 |
| 410 | 0 | @12001 @a读懂领袖丛书 |
| 606 | 0 | @a恩格斯@x生平事迹 |
| 606 | 0 | @a恩格斯@x传记 |
| 690 | @aA72@v3 | |
| 701 | 0 | @a张新@Azhang xin |
| 801 | 0 | @aCN@bPFT@c20070904 |
| 905 | @a213230@dA72@ea1@f1 | |
| 读懂恩格斯/张新.-成都:四川人民出版社,2001 |
| 494;20cm.-(读懂领袖丛书) |
| ISBN 7-220-05267-7:28 |
| ● |
| 相关链接 |
|
|
|
|
正题名:读懂恩格斯
索取号:A72/a1
 
预约/预借
| 序号 | 登录号 | 条形码 | 馆藏地/架位号 | 状态 | 备注 |
| 1 | 7500109 | 275001098 | 史法系资料室/ [索取号:A72/a1] | 在馆 |